00993cam a22002895a 450000100060000000300080000600500170001400800390003102000180007002000150008803500190010304000230012204100080014508200210015310000300017424500370020425000190024126000410026026300090030130000210031065000500033165000460038165000440042765100350047185601060050685600910061213609BD-RjUL20211208235500.0010201s2006 nyu 000 0 eng a9780446699556 a0446699551 a(BD-RjUL)13661 aDLCcDLCdDLCbeng aeng a813.54bCOC 20061 aConnelly, Michael,d1956-14aThe closers /cMichael Connelly. a1st warner ed. aNew York, NY :bWarner Books,c2006. a0610 a456 p. ;c16 cm. 0aBosch, Harry (Fictitious character)vFiction. 0aPolicezCaliforniazLos AngelesvFiction. 0aTeenage girlsvFiction.xCrimes against 0aLos Angeles (Calif.)vFiction.423Contributor biographical informationuhttp://www.loc.gov/catdir/enhancements/fy0742/2006928560-b.html423Publisher descriptionuhttp://www.loc.gov/catdir/enhancements/fy1116/2006928560-d.html